00410nam a2200133Ia 4500008004100000082001600041100004300057245006400100260003900164300001400203520001100217650002800228700002000256230907s9999||||xx |||||||||||||| ||und|| a621.36bMUH aMuhammad Sheheryar Iqbal (00000171008) 0aOff-Grid Electrification Methods : A Comparative Analysis / aUSPCAS-E, NUST,bIslamabad :c2020 axi, 85 p. aTH-236 aMS-ESE Thesis MS Thesis aDr Kafait Ullah